Países atrapados entre otros dos - Estadísticas

Estadísticas generales
  • Esta prueba ha sido intentada 4.947 veces
  • La puntuación promedio es 12 de 18
Estadísticas de respuestas
Países % Correcto
Andorra
91%
España
88%
Francia
88%
China
81%
Rusia
80%
Mongolia
79%
India
77%
Nepal
77%
Bután
74%
Liechtenstein
74%
Suiza
74%
Austria
72%
Sudáfrica
57%
Esuatini
56%
Mozambique
52%
Moldavia
35%
Ucrania
35%
Rumania
34%
No se encontraron pruebas coincidentes
Distribución de puntuación
Porcentaje de gente con cada puntuación
Porcentaje por número respondido
Historial de tus puntuaciones
No has intentado esta prueba.